000 01657nam a22002057a 4500
999 _c357943
_d357943
003 IT-MiCISF
005 20180709110301.0
008 180709b ||||| |||| 00| 0 eng d
040 _cIT-MiCISF
041 _ait
100 _aKasper Walter
_957297
245 _aIl messaggio di Amoris Laetitia
_bUna discussione fraterna
260 _aBrescia
_bQueriniana
_c2018
300 _app. 74
500 _achiesa, famiglia, matrimonio, pastorale-familiare, pastorale-situazioni-difficili, spiritualità-familiare
520 _aNegli ultimi decenni, non c'è documento papale che sia stato tanto atteso, prima, e tanto serratamente discusso, poi, come Amoris Laetitia: se n'è fatto un pomo della discordia. Prendendo atto di questo bizzarro "primato", il cardinal Kasper riporta l'attenzione dei lettori sul cuore pulsante dell'esortazione apostolica: indicare come e in che cosa la chiesa, dato l'attuale contesto, può contribuire positivamente alla riuscita dell'amore in famiglia e nel matrimonio. Lungi da qualsiasi intenzione polemica, il porporato tedesco si impegna a dimostrare che papa Francesco non propugna alcuna dottrina "nuova". Amoris Laetitia si colloca in perfetta continuità con la tradizione autentica della chiesa, non da ultimo con Tommaso d'Aquino, il Vaticano II e il magistero degli ultimi pontefici. E, in maniera del tutto conseguente, Amoris Laetitia sviluppa per l'oggi un patrimonio tradizionale e al tempo stesso attuale, segnando un progresso nella comprensione della verità - quella verità che è stata rivelata una volta per sempre.
650 _apastorale-familiare
_956039
654 _asaggio
942 _2ddc
_cBK